Statistics for New Girl Trivia

Click here to take the quiz!

General Stats

  • This quiz has been taken 973 times
  • The average score is 9 of 16

Answer Stats

QuestionAnswer% Correct
Who is Jess's best friend?Cece
100%
What must Jess try to sell when modelling in replacement of Cece?A Car
88%
The guys try to help Schmidt land an account marketing what household product?A sponge
68%
What is the first item Jess takes from the lost and found box after she is fired?A silver hat
67%
What is the shape of the cookie that Nick gives to Schmidt?A Star
66%
What number is their appartment?4D
65%
What is Shelby's halloween costume?Reining cats and dogs
64%
Which celebrity did Schmidt believe he had been contacting since he was a child?Michael Keaton
60%
What do they call the homeless man who lives outside of their apartment?Outside dave
60%
What is the name Jess takes on when meeting sam?Katie
57%
What is jess' one rule?Dont steal my yarn
52%
Who is the landlord for their building?Remy
41%
What is the name of the bar Nick works at?The Griffin
41%
What is Schmidts star sign?Sagittarius
28%
What does Schmidt say after hitting Spencer in season 1?Thumb ring bitch
28%
What does Nick say to Jess when he picks her up in the elevator?Lets not think about it
14%

Score Distribution

Percentile by Number Answered

Percent of People with Each Score

Your Score History

You have not taken this quiz